Príprava nanoželeza a jeho použitie na degradáciu rôznych polutantov diplomová práca
Na minha lista:
| Autor principal: | |
|---|---|
| Formato: | Livro |
| Idioma: | eslovaco |
| Publicado em: |
Bratislava
STU FCHPT
2014
|
| Acesso em linha: | View in OPAC |
| Tags: |
Sem tags, seja o primeiro a adicionar uma tag!
|
MARC
| LEADER | 00000nam a2200000 a 4500 | ||
|---|---|---|---|
| 005 | 20260127134303.0 | ||
| 008 | 140708 2014 000 0 slo d | ||
| 035 | |a vtls010608765 | ||
| 039 | 9 | |y 201407081209 |z mschk03 | |
| 040 | |a STUSCHK1 |b slo |c STUSCHK1 |e AACR2 | ||
| 100 | 1 | |a Jakubová, Veronika | |
| 245 | 1 | |a Príprava nanoželeza a jeho použitie na degradáciu rôznych polutantov |b diplomová práca |c Veronika Jakubová | |
| 260 | |a Bratislava |b STU FCHPT |c 2014 | ||
| 300 | |a 64 s. |b Tab., grafy |c 30 cm | ||
| 500 | |a Obhájené: 9.6.2014 | ||
| 500 | |a Štud. program: environmentálna chémia a technológia | ||
| 500 | |a Štud. odbor: chemické technológie | ||
| 500 | |a Škol. pracovisko: Odd. environmentálneho inžinierstva | ||
| 500 | |a Evid. číslo: FCHPT-13572-68545 | ||
| 910 | |a SCHK95 | ||
| 999 | |c 8806 |d 8806 | ||